[Event "World Cup"]
[Site "Khanty-Mansiysk"]
[Date "2007.12.02"]
[Round "3.4"]
[White "Nisipeanu, Liviu Dieter"]
[Black "Ivanchuk, Vassily"]
[Result "1-0"]
[WhiteElo "2668"]
[BlackElo "2787"]
[Annotator "Nisipeanu,LD"]
[PlyCount "75"]
[EventDate "2007.11.24"]
[EventType "k.o."]
[EventRounds "7"]
[EventCountry "RUS"]
[SourceTitle "CBM 122"]
[Source "ChessBase"]
[SourceDate "2008.01.30"]
[SourceVersion "1"]
[SourceVersionDate "2008.01.30"]
[SourceQuality "1"]

{I must confess that at the start of this game, I was not exactly filled with
optimism. Ivanchuk played the first rapid game in a very impressive way and I
was in a 'must win' situation. Ich muss gestehen, dass ich zu Beginn dieser
Partie nicht gerade vor Optimismus strotzte. Ivanchuk hatte die erste
Schnellpartie sehr beindruckend gespielt, und ich befand mich in einer 'must
win'-Situation.} 1. e4 c5 2. Nf3 d6 3. d4 cxd4 4. Nxd4 Nf6 5. Nc3 a6 {Quite a
surprise to me, as I was expecting a Petroff or Anti-Marshall for this game.
Eine ziemliche Überraschung für mich, denn ich hatte für diese Partie Russisch
oder einen Anti-Marshall erwartet.} 6. Be3 e5 7. Nb3 {Maybe in a different
match situation I would have put my knight on another square... In einer
anderen Matchsituation hätte ich meinen Springer vielleicht auf ein anderes
Feld gestellt...} Be6 8. Qd2 Nbd7 9. O-O-O {My opponent has a very broad
repertoire and he usually does not play the same opening twice in a row.
Normally, I would have started to worry about my opponent's home preparation,
but in this case, instead of becoming worried, I became curious to see it.
Mein Opponent hat ein sehr breites Repertoire und spielt gewöhnlich dieselbe
Eröffnung nicht zweimal hintereinander. Normalerweise hätte ich begonnen, mir
über die gegnerische Heimvorbereitung Sorgen zu machen, in diesem Fall aber
wurde ich stattdessen neugierig darauf.} b5 ({In our previous game Ivanchuk
played In unser vorigen Partie spielte Ivanchuk} 9... Be7 10. f4 Ng4 11. g3
Nxe3 12. Qxe3 Nf6 {but he decided to play differently now. , jetzt aber
entschied er sich für eine andere Fortsetzung.}) 10. f4 Qc7 (10... b4 $6 {
is not a good idea, because after ist keine gute Idee, denn nach} 11. Nd5 Nxe4
12. Qxb4 Nef6 13. Nxf6+ gxf6 14. Qa4 {Black will find it hard to find a safe
shelter for his king. wird es Schwarz schwer fallen, ein sicheres Plätzchen
für seinen König zu finden.}) 11. Kb1 Rc8 12. a3 $5 {Stopping ...b4 for now.
The downside of this move is that if Black can prepare the advance b5-b4, he
will open files on the queenside and the white king will not be happy about it.
Stoppt ...b4 erst einmal. Der Nachteil dieses Zuges ist, dass wenn es Schwarz
gelingt, den Vorstoß b5-b4 vorzubereiten, er am Damenflügel Linien öffnen kann,
was den weißen König nicht erfreuen wird.} ({Most of the games played in this
position continued with Die meisten Partien mit dieser Stellung gingen weiter
mit} 12. h3 {but I felt that my opponent would have been prepared for it. ,
aber ich spürte, dass mein Gegner darauf vorbereitet gewesen wäre.}) 12... Be7
13. f5 Bc4 14. g4 $5 (14. Be2 {is not bad, but I wanted to get to the black
king as soon as possible. ist nicht übel, aber ich wollte so schnell wie
möglich den schwarzen König angehen.}) 14... Nxg4 15. Rg1 h5 ({Maybe better
would have been Besser gewesen wäre vielleicht} 15... Nxe3 16. Qxe3 g6 17. Bxc4
bxc4 18. Nd5 Qb8 19. Nc1 {with compensation for the sacrificed pawn. mit
Kompensation für den geopferten Bauern.}) 16. h3 Nxe3 17. Qxe3 Rh7 18. Bxc4
bxc4 19. Nd2 Nf6 20. Nf3 $6 {Up to this point, I played well, but this move
allows Black to force my queen to c1 and this is not something that I liked.
Bis zu diesem Punkte hatte ich gut gespielt, aber dieser Zug erlaubt Schwarz,
meine Dame nach c1 zu zwingen, und dies behagte mir gar nicht.} ({Better was
Besser war} 20. Qe2 Qc5 21. Nf3 Rb8 22. Ka2 $44) 20... Rb8 $1 21. Ka2 Qb6 22.
Qc1 {Here panic took over and I spent something like 6 minutes for this move.
Hier überkam mich Panik, und ich verbrauchte etwa 6 Minuten für diesen Zug.} ({
The alternative Die Alternative} 22. Qxb6 Rxb6 23. b4 cxb3+ 24. cxb3 {is
probably better, but here the chances of a 'swindle' are zero. ist womöglich
besser, aber die Chancen auf einen 'Schwindel' sind gleich null.}) 22... Qb7
23. Ng5 Rh8 24. Rg2 h4 $1 $17 {Because of the horrible position of the white
queen on c1, White needs a lot of cooperation from Black to succeed with his
attack. Aufgrund der schrecklichen Stellung seiner Dame auf c1 braucht Weiß
reichlich Entgegenkommen von Schwarz, um mit seinem Angriff durchzudringen.}
25. Rdg1 {I played this move in desperation, as I never thought that Ivanchuk
will allow me to sacrifice on f7. Diesen Zug spielte ich in Verzweiflung, denn
ich hätte nie gedacht, dass Ivanchuk mir erlauben würde, auf f7 zu opfern.} Rh5
$6 {A very bad practical decision, which probably cost Ivanchuk the
qualification. Eine sehr schlechte praktische Entscheidung, die Ivanchuk
wahrscheinlich die Qualifikation kostete.} ({The simple Das einfache} 25... Rg8
{would have taken the air out of my position. hätte aus meiner Stellung die
Luft rausgelassen.}) 26. Nxf7 $1 {I played this very quickly, because it
seemed the only chance to complicate the position. Dies spielte ich sehr
schnell, da es wie die einzige Chance aussah, die Stellung zu komplizieren.}
Kxf7 27. Rxg7+ Kf8 $6 {Ivanchuk played this very quickly, but he could not
conceal his frustration about allowing me to sacrifice on f7. Ivanchuk zog
dies ebenfalls sehr schnell, konnte aber nicht seine Enttäuschung darüber
verbergen, dass er mir erlaubt hatte, auf f7 zu opfern.} ({He should have
played Spielen sollen hätte er} 27... Ke8 28. R1g6 Rh7 29. Rxh7 Nxh7 30. Nd5
Bg5 {with advantage to Black. mit Vorteil für Schwarz.}) 28. R1g6 d5 $2 {
Still not reducing the speed, but this move is the decisive mistake. Noch
immer, ohne das Tempo zu verlangsamen, aber dieser Zug ist der entscheidene
Fehler.} ({According to Fritz Laut Fritz ergibt} 28... Qb6 $1 29. Nd5 Nxd5 30.
Rg8+ Kf7 31. R6g7+ Kf6 32. Rxb8 Qxb8 33. Qg1 Nf4 34. Rg6+ {is a draw. ein
Remis.}) 29. exd5 ({Better was Besser war} 29. Nxd5 Nxd5 30. exd5 Qxd5 31. Qg1
Rh8 32. Rxe7 Kxe7 33. Qa7+ $18 {but the move I played is also winning. , aber
der von mir gespielte Zug gewinnt ebenfalls.}) 29... Nxd5 $6 ({Tougher was
Hartnäckiger war} 29... Ne8 $1 30. Rg8+ Kf7 31. Na4 $1 Rxf5 32. Qg1 $18 {
as indicated by Fritz. , wie von Fritz angegeben.}) 30. Rg8+ Kf7 31. R6g7+ Kf6
32. Nxd5+ Qxd5 33. Rg6+ {The human way again. Wieder der menschliche Weg.} (33.
Qg1 Rxb2+ 34. Ka1 $1 {is a quicker, but by any means, simpler kill. ist eine
schnellere, aber nicht unbedingt einfachere Methode.}) 33... Kf7 34. Rxb8 $18
c3+ 35. Kb1 (35. b3 $2 Qd2 $1 {would have led to unnecessary complications.
hätte zu unnötigen Komplikationen geführt.}) 35... Rxf5 36. Qg1 Bf8 (36... Rf1+
37. Qxf1+ Kxg6 38. Qxa6+ $18) 37. Rg8 Bh6 38. Qg6+ 1-0

[Event "Dortmund SuperGM 25th"]
[Site "Dortmund"]
[Date "1997.07.07"]
[Round "4"]
[White "Short, Nigel D"]
[Black "Gelfand, Boris"]
[Result "1/2-1/2"]
[WhiteElo "2660"]
[BlackElo "2695"]
[Annotator "Nor,I"]
[PlyCount "50"]
[EventDate "1997.07.04"]
[EventType "tourn"]
[EventRounds "9"]
[EventCountry "GER"]
[EventCategory "18"]
[SourceTitle "CBM 060"]
[Source "ChessBase"]
[SourceDate "1997.09.29"]
[SourceVersion "1"]
[SourceVersionDate "1997.09.29"]
[SourceQuality "1"]

1. e4 c5 2. Nf3 d6 3. d4 cxd4 4. Nxd4 Nf6 5. Nc3 a6 6. Bd3 g6 $5 7. h3 {
That is not the first time Short "just wants to play chess".He did the same
thing with Kramnik!White,of course,has no advantage in this variation.} (7. f3
Bg7 8. Be3 Bd7 9. Qd2 h5 10. a4 Nc6 11. Bc4 Ne5 12. Bb3 Rc8 13. O-O Nc4 14.
Bxc4 Rxc4 15. b3 Rc8 16. Rad1 O-O $15 {Abbou,M-Dekic,B/Novi Sad olw ALG-AUS
1990/0-1 (44)}) 7... Bg7 8. Be3 Nc6 (8... b5 $5 9. a3 Bb7 10. f4 Nbd7 11. Qf3
Rc8 12. f5 Ne5 13. Qf2 Nc4 14. Bc1 Qb6 15. fxg6 hxg6 16. O-O O-O 17. Nde2 Qxf2+
18. Kxf2 Nd7 19. Rd1 Nc5 20. Rb1 Nxd3+ 21. cxd3 Nxa3 22. bxa3 Bxc3 $17 {
1/2-1/2 Perdomo,J-Rodriguez,A/Las Palmas - Corte Ingles 1993 (37)}) 9. Qd2 O-O
10. O-O-O d5 $1 {Black is not worse.} 11. Nxc6 (11. Nxd5 $6 Nxd5 12. Nxc6 bxc6
13. Bc4 $5 (13. exd5 Rb8 14. b3 Qxd5 $36) 13... Rb8 14. Bb3 a5 $36) 11... bxc6
12. Bh6 $5 (12. e5 Nd7 13. f4 Rb8 $132) 12... Qa5 13. Bxg7 Kxg7 14. b3 $6 Rb8 (
14... e5 15. f4 $5) 15. Rhe1 Qa3+ 16. Kb1 d4 $5 17. e5 Nd7 18. Ne2 Nb6 $1 $36 (
18... Nxe5 $2 19. Nxd4 $16) 19. Ka1 $5 (19. Nxd4 $6 Na4 20. c3 (20. c4 Rd8 $1
$36) 20... Rd8 $1 (20... c5 $6 21. Ne2 $140 Rxb3+ $2 22. axb3 Qxb3+ 23. Ka1 Be6
24. Bb1 $1 $18) 21. Qc1 (21. Re3 $140 $6 c5 22. Nc6 Rxb3+ 23. axb3 Qxb3+ 24.
Kc1 Qa3+ 25. Kb1 Rd7 26. Na5 (26. Nd8 c4 $19) 26... c4 $19) 21... Qc5 $36)
19... c5 20. c4 $5 {In the begining, Short did the best he could in order to
get out of a regular games and the regular ugly results [draw].Now,he tries
very hard in order to get in some regular game with a regular result!} dxc3 $6
(20... a5 $5 21. f4 a4 $36) 21. Qxc3 (21. Nxc3 c4 $1) 21... Be6 22. Qc1 Qa5 23.
Qc3 Qa3 {Gelfand chooses to make a draw.He could keep playing.} (23... Qxc3+ $5
24. Nxc3 c4 25. bxc4 Bxc4 26. Bxc4 Nxc4 27. Rd7 Rfc8 $36) 24. Qc1 Qb4 25. Qc3
Qa3 1/2-1/2

[Event "Bad Homburg"]
[Site "Bad Homburg"]
[Date "1997.??.??"]
[Round "4"]
[White "Kindermann, Stefan"]
[Black "Svidler, Peter"]
[Result "1/2-1/2"]
[WhiteElo "2570"]
[BlackElo "2660"]
[Annotator "Nor,I"]
[PlyCount "36"]
[EventDate "1997.07.26"]
[EventType "tourn"]
[EventRounds "9"]
[EventCountry "GER"]
[EventCategory "14"]
[SourceTitle "CBM 060"]
[Source "ChessBase"]
[SourceDate "1997.09.29"]
[SourceVersion "1"]
[SourceVersionDate "1997.09.29"]
[SourceQuality "1"]

1. e4 {Gershon} c5 2. Nf3 d6 3. d4 cxd4 4. Nxd4 Nf6 5. Nc3 a6 6. a4 $6 Nc6 7.
Be2 g6 $5 {6.a4 gives white nothing and 7...g6!? is one of the reasons why.
Certainly,not the only one!} 8. Be3 Bg7 9. O-O O-O 10. Qd2 {The more common
move here is 10.f4.But there is no big difference between this move and 10.Qd2,
because the main idea is that if Dragon dies someday [and I don't think so],it
will not happen in this position!} (10. Nxc6 $6 bxc6 11. a5 Nd7 12. Bd4 Rb8 13.
Bxg7 Kxg7 14. Qd4+ Kg8 15. b3 Ne5 16. f4 c5 17. Qd2 Nc6 18. f5 Kg7 19. Nd5 f6
20. Nf4 Ne5 21. Bxa6 Bd7 22. Bd3 g5 23. Nd5 Bc6 24. Nb6 h5 25. Qe2 Rh8 26. Bc4
Qe8 27. Rfb1 h4 28. Nd5 Qd7 29. Nb6 Qa7 30. Bd5 h3 31. Bxc6 Nxc6 32. g3 Ne5 33.
Nc4 Nxc4 34. Qxc4 Rb4 {Hanak,C-Maedler,J/OLO-B 1995/0-1 (60)}) (10. f4 {
The main line.}) (10. h3 $6) 10... Ng4 (10... Bd7 $5 11. Rfd1 (11. Nb3 Na5 12.
Nxa5 Qxa5 13. f3 Rfe8 14. Rfd1 Rac8 15. Bf1 Qc7 16. Rac1 Qa5 17. Ra1 Qc7 18.
Rac1 Qa5 {1/2-1/2 Vooremaa,A-Zilberstein,V/Tallinn 1979}) 11... Rc8 12. f3 Na5
13. Ra3 Qc7 14. g4 Be6 15. Qe1 Nc4 16. Bxc4 Bxc4 17. a5 Nd7 18. Kg2 Rfe8 19.
Rd2 e6 20. Qg3 Be5 21. Qf2 d5 22. exd5 exd5 23. Nd1 Qd6 24. Qh4 Nc5 25. g5 Ne6
26. Nf2 Bxd4 27. Rxd4 Nxd4 28. Qxd4 Qe5 29. Qxe5 Rxe5 30. Ng4 Re6 31. Rc3 h5
32. Nf6+ Kf8 33. Nxd5 Rcc6 34. Nf4 Re5 35. Kf2 {Marjanovic,S-Ljubojevic,L/
Reggio Emilia 1986/0-1 (51)}) 11. Bxg4 Bxg4 12. Nxc6 (12. Nd5 $6 Rc8 13. c3 Na5
14. Bh6 e5 15. Nf3 Bxf3 16. gxf3 Nb3 17. Qg5 f6 18. Qh4 Nxa1 19. Rxa1 Bxh6 20.
Qxh6 Rf7 21. Kf1 Qf8 22. Qe3 Qe8 23. Ke2 Kg7 24. b3 Qe6 25. Rd1 Qh3 26. Qb6 Rc6
27. Qd8 Qc8 28. Qa5 f5 29. Nb4 Rc5 30. Qb6 fxe4 31. Qxd6 exf3+ 32. Ke1 Qc7 33.
Qe6 Qe7 34. Qxe7 Rxe7 35. c4 e4 36. Rd6 Rh5 {0-1 Song,P-Yedidia,J/New York op
1993}) 12... bxc6 13. a5 $5 {Kamsky played 13.Bh6 and won.But not against
Svidler!13.a5 is maybe a litle better-now white has a chance to equalize!} (13.
Bh6 Bxh6 14. Qxh6 Rb8 15. b3 Qa5 16. Qe3 e5 17. h3 Be6 18. Rad1 Rbd8 19. Rd3
Rfe8 20. Rfd1 d5 21. Qg5 d4 22. Ne2 Qc7 23. Ng3 Bc8 24. Nh5 Re6 25. Nf6+ Kg7
26. Ng4 Qe7 27. Qh6+ Kg8 28. f4 exf4 29. Qxf4 c5 30. e5 Bb7 31. Rf1 Bd5 32. Qh6
{1-0 Kamsky,G-Rechel,B/Bad Mergentheim op 1989}) 13... Rb8 14. b3 c5 (14... Re8
$5) 15. Bh6 $5 {White is trying to use the only possible idea - to tease the
king.} Bxh6 16. Qxh6 Be6 {With the idea of c4.} 17. Nd5 $6 (17. e5 $5 d5 (17...
dxe5 $6 18. Ne4 f6 (18... Qc7 $4 19. Ng5 $18) 19. Nxc5 Qd6 20. Nxe6 Qxe6 $132)
18. Rfd1 Rb4 $1 $13) (17. f4 $6 f5 $1 $15 (17... c4 $2 18. f5 Bd7 19. Nd5 $18))
17... Bxd5 $6 (17... Rb5 $5 18. Qd2 f6) (17... f5 $1 18. Qh4 $140 Bxd5 19. exd5
e5 $1 $15) 18. exd5 Rb5 {Black's advantage is not enough.} 1/2-1/2